• 首页
  • 本馆介绍
  • 公告通知
  • 最新文献
  • 馆藏检索
  • 电子资源
  • 读者导购
  • 参考咨询
  • 我的图书馆
  • 登录
  • 详细信息显示
  • 放入我的书架
  • 预约/预借图书
  • 作者相关作品
  • 分类相关作品
  • 丛书相关作品
  • 出版社相关作品

书目信息

  • 表格格式
  • 工作单格式
  • 卡片格式
题名:
物理量单位手册
    
 
作者: 王志兴 编
分册:  
出版信息: 长春   吉林人民出版社  1981.12
页数: 357页
开本: 13cm
丛书名:
单 册:
中图分类: O4-62
科图分类:
主题词: 物理学
电子资源:
ISBN:
000 00551nam0 2200205 45
001 0312221749
005 20040518175540.8
010    @dCNY0.61
091    @a13091.91
100    @a20031222d1981 km y0chiy0120 ea
101    @achi
105    @a z 000yy
200 1  @a物理量单位手册@AWu Li Liang Dan Wei Shou Ce@f王志兴编@FWang Zhi Xing Bian
210    @a长春@c吉林人民出版社@d1981.12
215    @a357页@d13cm@c表格
606 0  @a物理学
690    @aO4-62@v3
701 0  @a王志兴@4编
801    @aCN@bTSTCL@c20031222
905    @dO4-62@e18@f3@b64677-679
    
    物理量单位手册/王志兴编.-长春:吉林人民出版社,1981.12
    357页;13cm:表格
    
    
    ISBN :CNY0.61
    
●
相关链接 在E读中查询图书 在五车中查询图书 在当当中查询图书 在豆瓣中查询图书


正题名:物理量单位手册     索取号:O4-62/18         预约/预借

序号 登录号 条形码 馆藏地/架位号 状态 备注
1 0064677   000388075   第二样本阅览室/ [索取号:O4-62/18] 在馆    
2 0064678   001693894   第三借阅区/ [索取号:O4-62/18] 在馆    
3 0064679   000388066   第三借阅区/ [索取号:O4-62/18] 在馆    
唐山师范学院图书馆 欢迎您!
大连网信软件有限公司© 版权所有